000 00287nam a2200109Ia 4500
008 200302s9999 xx 000 0 und d
100 _aPierre Pichard
245 _aTanjavur Brhadisvara An Architectural Study
260 _bIndra Gandhi National Center
260 _c1995
300 _a244 P.,
999 _c4392
_d4392